Religion, intolerance, and conflict : (Record no. 23635)
[ view plain ]
| 000 -LEADER | |
|---|---|
| fixed length control field | 00754cam a2200289 a 4500 |
| 020 ## - INTERNATIONAL STANDARD BOOK NUMBER | |
| ISBN | 9780199640911 |
| 020 ## - INTERNATIONAL STANDARD BOOK NUMBER | |
| ISBN | 0199640912 |
| 082 04 - DEWEY DECIMAL CLASSIFICATION NUMBER | |
| Classification number | 201.7273 |
| Author Cutter | CLA |
| 100 ## - MAIN ENTRY--AUTHOR NAME | |
| Author name | Clarke Steve |
| 245 00 - TITLE STATEMENT | |
| Title | Religion, intolerance, and conflict : |
| 250 ## - EDITION STATEMENT | |
| Edition statement | First edition. |
| 260 ## - PUBLICATION, DISTRIBUTION, ETC. (IMPRINT) | |
| Place of publication | United Kingdom |
| Name of publisher | Oxford University press |
| Year of publication | 2013 |
| 300 ## - PHYSICAL DESCRIPTION | |
| Number of Pages | xviii, 282 pages : |
| Other physical details | illustration ; |
| 650 #0 - SUBJECT ADDED ENTRY--TOPICAL TERM | |
| Topical Term | Religious tolerance. |
| 650 #0 - SUBJECT ADDED ENTRY--TOPICAL TERM | |
| Topical Term | Social conflict |
| 650 #0 - SUBJECT ADDED ENTRY--TOPICAL TERM | |
| Topical Term | Ethnic conflict |
| 650 #0 - SUBJECT ADDED ENTRY--TOPICAL TERM | |
| Topical Term | Freedom of religion. |
| 650 #0 - SUBJECT ADDED ENTRY--TOPICAL TERM | |
| Topical Term | War |
| 650 #0 - SUBJECT ADDED ENTRY--TOPICAL TERM | |
| Topical Term | Terrorism |
| 650 #4 - SUBJECT ADDED ENTRY--TOPICAL TERM | |
| Topical Term | Freedom of religion. |
| 650 #4 - SUBJECT ADDED ENTRY--TOPICAL TERM | |
| Topical Term | Terrorism |
| 650 #4 - SUBJECT ADDED ENTRY--TOPICAL TERM | |
| Topical Term | War |
| 942 ## - ADDED ENTRY ELEMENTS (KOHA) | |
| Koha item type | Books |
| 700 1# - | |
| -- | Clarke, Steve, |
| 700 1# - | |
| -- | Powell, Russell, |
| 700 1# - | |
| -- | Savulescu, Julian, |
| Home library | Current library | Shelving location | Date acquired | Source of acquisition | Cost, normal purchase price | Full call number | Accession Number | Koha item type |
|---|---|---|---|---|---|---|---|---|
| Henry Martyn Institute Library | Henry Martyn Institute Library | General stacks | 10/21/2025 | Director | 1295.00 | 201.7273 CLA | 24821 | Books |
